LEADER 01082nam0 22003013i 450 001 TO01344910 005 20231121125845.0 010 $a0333912764 100 $a20160401d2004 ||||0itac50 ba 101 | $aeng 102 $agb 181 1$6z01$ai $bxxxe 182 1$6z01$an 200 1 $aApproaches to consciousness$ethe marriage of science and mysticm$fBrian L. Lancaster 210 $aBasingstoke$cPalgrave MacMillan$d2004 215 $aX, 341 p.$d22 cm. 606 $aReligione e scienze$2FIR$3RMLC011995$9I 606 $aCoscienza$2FIR$3RMLC132653$9I 676 $a153$9Processi mentali consci e intelligenza.$v21 700 1$aLancaster$b, Brian L.$3TO0V526105$4070$01447587 801 3$aIT$bIT-01$c20160401 850 $aIT-FR0017 899 $aBiblioteca umanistica Giorgio Aprea$bFR0017 $eN 912 $aTO01344910 950 0$aBiblioteca umanistica Giorgio Aprea$d 52MAG 7/409$e 52FC 0000000975 VMB RS $fA $h20211006$i20211006 977 $a 52 996 $aApproaches to consciousness$93638726 997 $aUNICAS LEADER 01265nam 2200421 450 001 9910793953403321 005 20230119144801.0 010 $a0-7680-9223-X 035 $a(CKB)4100000010077844 035 $a(MiAaPQ)EBC28983785 035 $a(Au-PeEL)EBL28983785 035 $a(OCoLC)1287825714 035 $a(EXLCZ)994100000010077844 100 $a20230119d2019 uy 0 101 0 $aeng 135 $aurcnu|||||||| 181 $ctxt$2rdacontent 182 $cc$2rdamedia 183 $acr$2rdacarrier 200 00$aEvent data recorder interpretation /$fedited by Christopher Armstrong 210 1$aWarrendale, Pennsylvania :$cSAE International,$d[2019] 210 4$dİ2019 215 $a1 online resource (290 pages) $cillustrations 311 $a0-7680-9222-1 320 $aIncludes bibliographical references and index. 606 $aTraffic accident investigation 606 $aTraffic accidents 615 0$aTraffic accident investigation. 615 0$aTraffic accidents. 676 $a363.12565 702 $aArmstrong$b Christopher 801 0$bMiAaPQ 801 1$bMiAaPQ 801 2$bMiAaPQ 906 $aBOOK 912 $a9910793953403321 996 $aEvent data recorder interpretation$93824931 997 $aUNINA